Pays antonymes (click quiz) - Statistiques

Statistiques générales
  • Ce quiz a été pris 215 fois
  • Le résultat moyen est 7 sur 8
Statistiques - réponses
Hint Réponse % Correct
Albane dit la vérité Albanie
94%
Saint-Lucien Sainte-Lucie
94%
Réveille Andorre
86%
Maigreur Grèce
81%
Tête haute Cuba
79%
Gérard Maurice
77%
Grave Bénin
76%
Murmurons Japon
65%
Aucun quiz correspondant
Distribution des résultats
% des personnes avec chaque résultat
Percentile par nombre de réponses
Votre historique - résultats
Vous n’avez pas pris ce quiz